<?xml version="1.0" encoding="UTF-8"?>
<record
    xmlns:xsi="http://www.w3.org/2001/XMLSchema-instance"
    xsi:schemaLocation="http://www.loc.gov/MARC21/slim http://www.loc.gov/standards/marcxml/schema/MARC21slim.xsd"
    xmlns="http://www.loc.gov/MARC21/slim">

  <leader>01379nab a2200253uuc4500</leader>
  <controlfield tag="001">1211509</controlfield>
  <controlfield tag="005">20250128091233.0</controlfield>
  <controlfield tag="008">100817e20100817                    spa  </controlfield>
  <datafield tag="035" ind1=" " ind2=" ">
    <subfield code="a">1211509</subfield>
  </datafield>
  <datafield tag="035" ind1=" " ind2=" ">
    <subfield code="a">(OCoLC)820552801</subfield>
  </datafield>
  <datafield tag="040" ind1=" " ind2=" ">
    <subfield code="c">comduadb</subfield>
  </datafield>
  <datafield tag="041" ind1=" " ind2=" ">
    <subfield code="a">spa</subfield>
  </datafield>
  <datafield tag="100" ind1="1" ind2="0">
    <subfield code="a">Gonz&#xE1;lez Ferrero, Maximiliano</subfield>
    <subfield code="4">aut</subfield>
    <subfield code="e">aut</subfield>
    <subfield code="9">608925</subfield>
  </datafield>
  <datafield tag="245" ind1="1" ind2="0">
    <subfield code="a">Empresas familiares : revision de la literatura desde una perspectiva de agencia</subfield>
  </datafield>
  <datafield tag="260" ind1=" " ind2=" ">
    <subfield code="c">2010.</subfield>
  </datafield>
  <datafield tag="520" ind1="3" ind2=" ">
    <subfield code="a">En este articulo se presenta una revision comprehensiva de la literatura financiera alrededor de los principales estudios relacionados con las empresas familiares.  Al finalizar se propone una agenda de investigacion en empresas familiares fundamentada en temas como el desempe&#xF1;o financiero, el papel de los herederos, la estructura de endeudamiento, la composicion de las juntas directivas, el impacto de los costos de agencia sobre el costo de capital y los beneficios privados del control.</subfield>
  </datafield>
  <datafield tag="650" ind1=" " ind2=" ">
    <subfield code="a">Empresas familiares</subfield>
    <subfield code="9">13408</subfield>
  </datafield>
  <datafield tag="650" ind1=" " ind2="7">
    <subfield code="a">Gobierno corporativo</subfield>
    <subfield code="2">lemb</subfield>
    <subfield code="9">113356</subfield>
  </datafield>
  <datafield tag="700" ind1="1" ind2="0">
    <subfield code="a">Guzm&#xE1;n V&#xE1;squez, Alexander</subfield>
    <subfield code="4">aut</subfield>
    <subfield code="e">aut</subfield>
    <subfield code="9">309168</subfield>
  </datafield>
  <datafield tag="700" ind1="1" ind2="0">
    <subfield code="a">Pombo Bejarano, Carlos</subfield>
    <subfield code="4">aut</subfield>
    <subfield code="e">aut</subfield>
    <subfield code="9">608926</subfield>
  </datafield>
  <datafield tag="700" ind1="1" ind2="0">
    <subfield code="a">Trujillo D&#xE1;vila, Mar&#xED;a Andrea</subfield>
    <subfield code="4">aut</subfield>
    <subfield code="e">aut</subfield>
    <subfield code="9">446367</subfield>
  </datafield>
  <datafield tag="773" ind1="0" ind2=" ">
    <subfield code="t">Cuadernos de Administraci&#xF3;n (Bogot&#xE1;)</subfield>
    <subfield code="g">Vol. 23, No. 40, Ene.-Jun. 2010, p. 11-33</subfield>
    <subfield code="w">96829</subfield>
    <subfield code="x">0120-3592</subfield>
    <subfield code="0">92361</subfield>
  </datafield>
  <datafield tag="942" ind1=" " ind2=" ">
    <subfield code="c">ARIMP</subfield>
  </datafield>
  <datafield tag="999" ind1=" " ind2=" ">
    <subfield code="c">552619</subfield>
    <subfield code="d">552619</subfield>
  </datafield>
</record>
